Những cơ sở của cơ học lượng tử; T1

Salvato in:
Dettagli Bibliografici
Autore principale: D I Blokhinsev
Natura: Libro
Lingua:Undetermined
Pubblicazione: Hà Nội Giáo Dục 1963
Soggetti:
Tags: Aggiungi Tag
Nessun Tag, puoi essere il primo ad aggiungerne! !
Thư viện lưu trữ: Trung tâm Học liệu Trường Đại học Cần Thơ
LEADER 00545nam a2200181Ia 4500
001 CTU_2148
008 210402s9999 xx 000 0 und d
082 |a 530.12 
082 |b B651/T1 
100 |a D I Blokhinsev 
245 0 |a Những cơ sở của cơ học lượng tử; T1 
245 0 |c D I Blokhinsev; Dịch giả: Đoàn Nhượng 
260 |a Hà Nội 
260 |b Giáo Dục 
260 |c 1963 
650 |a quantum theory 
904 |i Minh, 960822 
980 |a Trung tâm Học liệu Trường Đại học Cần Thơ